|
|
|
|
| LEADER |
01520nam a2200421 4500 |
| 001 |
DLU100106408 |
| 005 |
##20100415 |
| 008 |
##050429s2003 njua b 100 0 eng d |
| 010 |
# |
# |
|a 2005297893
|
| 020 |
# |
# |
|a 9812382623
|
| 035 |
# |
# |
|a (OCoLC)ocm52781103
|
| 040 |
# |
# |
|a PIT
|c PIT
|d OCLCQ
|d MUQ
|d DLC
|
| 042 |
# |
# |
|a lccopycat
|
| 050 |
# |
# |
|a QA321.5
|b .I36 2003
|
| 082 |
# |
# |
|a 515.724 8
|b Top
|
| 111 |
# |
# |
|a ICM Satellite Conference on Nonlinear Functional Analysis
|d (2002 :
|c Taiyuan, Shanxi Sheng, China)
|
| 245 |
# |
# |
|a Topological methods, variational methods and their applications :
|b Taiyuan, Shan Xi, P.R. China, August 14-18, 2002 /
|c edited by H. Brezis ... [et al.].
|
| 246 |
# |
# |
|i At head of title:
|a ICM 2002 Satellite Conference on Nonlinear Functional Analysis
|
| 260 |
# |
# |
|a River Edge, N.J. :
|b World Scientific,
|c c2003.
|
| 300 |
# |
# |
|a xii, 287 p. :
|b ill. ;
|c 24 cm.
|
| 504 |
# |
# |
|a Includes bibliographical references.
|
| 650 |
# |
# |
|a Nonlinear functional analysis
|v Congresses.
|
| 650 |
# |
# |
|a Nonlinear mechanics
|v Congresses.
|
| 650 |
# |
# |
|a Topological dynamics
|v Congresses.
|
| 650 |
# |
# |
|a Analyse fonctionnelle non linéaire
|v Congrès.
|
| 650 |
# |
# |
|a Dynamique topologique
|v Congrès.
|
| 650 |
# |
# |
|a Mécanique non linéaire
|v Congrès.
|
| 700 |
# |
# |
|a Brézis, H.
|q (Haim)
|
| 923 |
# |
# |
|a 02/2010
|
| 992 |
# |
# |
|a 11480
|
| 994 |
# |
# |
|a DLU
|
| 900 |
# |
# |
|a True
|
| 911 |
# |
# |
|a Đào Thị Thu Huyền
|
| 925 |
# |
# |
|a G
|
| 926 |
# |
# |
|a A
|
| 927 |
# |
# |
|a SH
|
| 980 |
# |
# |
|a Thư viện Trường Đại học Đà Lạt
|